Welcome to CU Library Online Public Access Catalogue (OPAC)

Core Web application development with PHP and MySQL / (Record no. 8229)

MARC details
000 -LEADER
fixed length control field 00837cam a22002294a 4500
001 - CONTROL NUMBER
control field 13979297
005 - DATE AND TIME OF LATEST TRANSACTION
control field 20251111192403.0
008 - FIXED-LENGTH DATA ELEMENTS--GENERAL INFORMATION
fixed length control field 050523s2006 njua b 001 0 eng
020 ## - INTERNATIONAL STANDARD BOOK NUMBER
International Standard Book Number 0131867164
020 ## - INTERNATIONAL STANDARD BOOK NUMBER
International Standard Book Number 9780131867161
050 00 - LIBRARY OF CONGRESS CALL NUMBER
Classification number TK5105.888
Item number .W36116 2006
082 00 - DEWEY DECIMAL CLASSIFICATION NUMBER
Classification number 005.2/762
Edition information 22
100 1# - MAIN ENTRY--PERSONAL NAME
Personal name Wandschneider, Marc.
245 10 - TITLE STATEMENT
Title Core Web application development with PHP and MySQL /
Statement of responsibility, etc. Marc Wandschneider.
260 ## - PUBLICATION, DISTRIBUTION, ETC.
Place of publication, distribution, etc. Upper Saddle River, NJ :
Name of publisher, distributor, etc. Prentice Hall Professional Technical Reference,
Date of publication, distribution, etc. c2006.
300 ## - PHYSICAL DESCRIPTION
Extent xxvi, 858 p. :
Other physical details ill. ;
Dimensions 24 cm. +
Accompanying material 1 CD-ROM (4 3/4 in.).
650 #0 - SUBJECT ADDED ENTRY--TOPICAL TERM
Topical term or geographic name entry element Web site development.
650 #0 - SUBJECT ADDED ENTRY--TOPICAL TERM
Topical term or geographic name entry element PHP (Computer program language)
650 #0 - SUBJECT ADDED ENTRY--TOPICAL TERM
Topical term or geographic name entry element Application software
General subdivision Development.
856 41 - ELECTRONIC LOCATION AND ACCESS
Materials specified Table of contents
Uniform Resource Identifier <a href="http://www.loc.gov/catdir/toc/ecip0513/2005014955.html">http://www.loc.gov/catdir/toc/ecip0513/2005014955.html</a>
942 ## - ADDED ENTRY ELEMENTS (KOHA)
Source of classification or shelving scheme Library of Congress Classification
Koha item type Books
Suppress in OPAC No
999 ## -
-- 8229
-- 8229
Holdings
Withdrawn status Lost status Source of classification or shelving scheme Damaged status Not for loan Collection Home library Current library Shelving location Date acquired Total checkouts Full call number Barcode Date last seen Copy number Price effective from Koha item type
    Library of Congress Classification     Non-fiction Science Library (Miotso) Science Library (Miotso) General stacks 11/11/2025   TK5105.888 .W36116 WAN SLM00005785 11/11/2025 1 11/11/2025 Books
    Library of Congress Classification     Non-fiction Science Library (Miotso) Science Library (Miotso) General stacks 11/11/2025   TK5105.888 .W36116 WAN SLM00005786 11/11/2025 2 11/11/2025 Books
    Library of Congress Classification     Non-fiction Science Library (Miotso) Science Library (Miotso) General stacks 11/11/2025   TK5105.888 .W36116 WAN SLM00005787 11/11/2025 3 11/11/2025 Books
    Library of Congress Classification     Non-fiction Science Library (Miotso) Science Library (Miotso) General stacks 11/11/2025   TK5105.888 .W36116 WAN SLM00005788 11/11/2025 4 11/11/2025 Books
    Library of Congress Classification     Non-fiction Science Library (Miotso) Science Library (Miotso) General stacks 11/11/2025   TK5105.888 .W36116 WAN SLM00005789 11/11/2025 5 11/11/2025 Books
© 2023-2024 Copyright: Central University Libraries. All Rights Reserved | Created by: Mahone Tech Office